Normal view MARC view

Entry Personal Name

Number of records used in: 2

001 - CONTROL NUMBER

  • control field: 61513

003 - CONTROL NUMBER IDENTIFIER

  • control field: dpl

005 - DATE AND TIME OF LATEST TRANSACTION

  • control field: 20240201113504.0

008 - FIXED-LENGTH DATA ELEMENTS

  • fixed length control field: 240201|| aca||aabn | a|a d

040 ## - CATALOGING SOURCE

  • Original cataloging agency: dpl
  • Transcribing agency: dpl

100 ## - HEADING--PERSONAL NAME

  • Personal name: अमित,दुबे एवं सिंह

670 ## - SOURCE DATA FOUND

  • Source citation: Work cat.: (dpl)200487: अमित,दुबे एवं सिंह , उपकार केन्द्रीय शिक्षक पात्रता परीक्षा/

© Delhi Public Library
Hit Counter
free hit counter